00334pab a2200121 454500008004000000100002800040245008900068260000900157300001500166362000800181650001200189773001100201180718b2013 xxu||||| |||| 00| 0 eng d aWolff, Francois-Charles aWell-being of elderly people living in nursing homes: The benefits of making friends c2013 ap.153-171. aFeb aElderly aKyklos